Normal view
MARC view
- Mobashir Hanif
Entry Personal Name
001 - CONTROL NUMBER
- control field: 112939
003 - CONTROL NUMBER IDENTIFIER
- control field: NUST
005 - DATE AND TIME OF LATEST TRANSACTION
- control field: 20230601094354.0
008 - FIXED-LENGTH DATA ELEMENTS
- fixed length control field: 230601|| aca||aabn | a|a d
040 ## - CATALOGING SOURCE
- Original cataloging agency: NUST
- Transcribing agency: NUST
100 ## - HEADING--PERSONAL NAME
- Personal name: Mobashir Hanif
670 ## - SOURCE DATA FOUND
- Source citation: Work cat.: (NUST): Mobashir Hanif., Analysis of Microwave Characteristics of 2D-Material based Nanocomposites /, 2023.
